| 000 | 00910nam a22002297a 4500 | ||
|---|---|---|---|
| 999 |
_c15460 _d15460 |
||
| 003 | AR-CdUCM | ||
| 008 | 190427b ||||| |||| 00| 0 spa d | ||
| 040 |
_aMUNICIPALIDAD PROVINCIAL DEL CUSCO _cBIBLIOTECA MUNICIPAL DEL CUSCO |
||
| 082 |
_23ed. _a985.01 / _bG21 / 1960 |
||
| 100 |
_aGarcilaso de la Vega _918180 |
||
| 245 | _aComentarios Reales de los Incas / | ||
| 260 |
_aLima : _bMinerva, _c1960. |
||
| 300 |
_a270 paginas ; _c15 cm. |
||
| 505 | _aContenido : t.1 : Los incas hacían colonias -- Los herederos de los señores se criaban en la corte -- Fiesta nocturna para desterrar los males de ciudad -- Dos limosnas que la ciudad hizo para obras ... | ||
| 650 |
_aGarcilaso de la Vega _961 |
||
| 650 |
_aComentarios Reales _962 |
||
| 650 |
_aCuzco y su historia _934538 |
||
| 650 |
_aNuevo mundo _931132 |
||
| 650 |
_aOrigen de los reyes _934539 |
||
| 942 |
_2ddc _cLIBROS |
||
| 945 |
_awnts _d2019-04-27 |
||